Variabilný systém rozdelenia krútiaceho momentu pri pohone oboch náprav. [CD-ROM] : Bakalárska práca

Salvato in:
Dettagli Bibliografici
Autore principale: Škandera, Jozef, 1985- (Autore)
Altri autori: Pavlov, Michal, 1981- (xxx)
Natura: Manoscritto Libro
Lingua:slovacco
Pubblicazione: Bratislava : STU v Bratislave SjF, 2007
Soggetti:
Tags: Aggiungi Tag
Nessun Tag, puoi essere il primo ad aggiungerne!!

MARC

LEADER 00000ntm a22000003a 4500
001 stu156327
005 20150617230013.9
008 080129s2007----xo------------------slo-d
040 |a STU  |b slo 
041 0 |a slo 
044 |a xo 
100 1 |a Škandera, Jozef,  |d 1985-  |4 aut  |u J230  |9 100  |U SjF Ústav dopravnej techniky a konštruovania  |T SjF Katedra automobilov, lodí a spaľovacích motorov  |X 13681  |U J230  |Y 46  |7 A000013681 
245 1 |a Variabilný systém rozdelenia krútiaceho momentu pri pohone oboch náprav. [CD-ROM] :  |b Bakalárska práca 
260 |a Bratislava :  |b STU v Bratislave SjF,  |c 2007 
650 7 |a Variabilný systém  |2 stusub 
650 7 |a náprava  |2 stusub 
700 1 |a Pavlov, Michal,  |d 1981-  |4 xxx  |u J230  |U SjF Ústav dopravnej techniky a konštruovania  |T SjF Katedra automobilov, lodí a spaľovacích motorov  |X 10284  |U J230  |Y 46  |7 A000010284 
700 1 |a Rojko, Eduard,  |d 1958-  |4 csl  |u J230  |U SjF Ústav dopravnej techniky a konštruovania  |T SjF Katedra automobilov, lodí a spaľovacích motorov  |X 2351  |U J230  |Y 46  |7 A000002351 
996 |b 284J032127  |c J*108527  |l JJSK  |s A  |a 24  |w stu156327_0001